000 00365nam a2200145 i 4500
001 46938
003 ES-MaACL
005 20230906161455.0
007 t|
008 030402s1867 sp ||||1| spa d
245 0 0 _aConstitución de la francmasonería española.
260 _a[S.l. :
_bs.n.,
_c1867]
300 _a14 p. ;
_c22 cm.
852 _aES-MaACL
_jFol-Laf-458
999 _c46938
_d46938